| 000 | 00639nam a22001817a 4500 | ||
|---|---|---|---|
| 003 | BUBTL | ||
| 008 | 190406b xxu||||| |||| 00| 0 eng d | ||
| 020 | _a984-410-051-8 | ||
| 082 | _a891.443 / AHC | ||
| 100 |
_91693 _aআহমেদ, হুমায়ূন |
||
| 245 |
_aছোটদের সেরা গল্প / _cহুমায়ূন আহমেদ |
||
| 260 |
_aঢাকা : _bমাওলা ব্রাদার্স, _cc1995. |
||
| 300 |
_a103 p. : _c22 cm. |
||
| 650 | 0 |
_91687 _aবাংলা সাহিত্য |
|
| 856 |
_k0 _l0 _yDownload |
||
| 942 |
_2ddc _cBK |
||
| 999 |
_c5953 _d5953 |
||